Norma Chilena Oficial NCh 2557. Of2001: mezclas de aceites comestibles vegetal con marino modificado - requisitos

Збережено в:
Бібліографічні деталі
Співавтор: Instituto Nacional de Normalización (autor)
Формат: Невідомо
Мова:Англійська
Опубліковано: Santiago, Chile Instituto Nacional de Normalización 2001
Предмети:
Теги: Додати тег
Немає тегів, Будьте першим, хто поставить тег для цього запису!

MARC

LEADER 00000 a2200000 4500
003 CL-VaPUC
005 20240508091202.0
008 200303b ||||| |||| 00| 0 eng d
999 |c 376003  |d 376001 
040 |c Pontificia Universidad Católica de Valparaíso 
082 |a 660.28 INS 2001 
110 |a Instituto Nacional de Normalización   |e autor  |9 719886 
245 1 0 |a Norma Chilena Oficial NCh 2557. Of2001:  |b  mezclas de aceites comestibles vegetal con marino modificado - requisitos 
260 3 |b Instituto Nacional de Normalización  |c 2001  |a Santiago, Chile 
300 |a 5 p 
583 |k Cristina Rojas  |c 20200303 
650 0 0 |a Aceites vegetales  |9 336958 
650 0 0 |a Aceites animales  |9 406543 
650 0 0 |a INDUSTRIA QUIMICA  |9 719887 
942 |2 ddc  |c BK 
952 |0 0  |1 0  |2 ddc  |4 0  |6 660_280000000000000_INS_2001  |7 0  |8 A  |9 496028  |a BIBALI  |b BIBALI  |c REF  |d 2020-01-15  |e 9  |g 14400.00  |i 5572797  |o 660.28 INS 2001  |p 5572797  |r 2025-01-20  |t 1  |v 14400.00  |w 2020-01-15  |y BK_F  |k ALI